000
00265nam a22001217a 4500
008
180220b xxu||||| |||| 00| 0 eng d
041
_a
eng
080
_a
616
100
_a
48
101
_a
soc
245
_a
sociology of the law
_c
william.j.ch
942
_2
udc
_c
BK
999
_c
42886
_d
42886